Μαθήματα μετεωρολογίας και κλιματολογίας
Αποθηκεύτηκε σε:
| Κύριος συγγραφέας: | |
|---|---|
| Μορφή: | Βιβλίο |
| Γλώσσα: | Greek |
| Δημοσίευση: |
Θεσσαλονίκη :
Ζήτης,
1997.
|
| Έκδοση: | 2η έκδ. |
| Θέματα: | |
| Ετικέτες: |
Προσθήκη ετικέτας
Δεν υπάρχουν, Καταχωρήστε ετικέτα πρώτοι!
|
MARC
| LEADER | 00000cam a2200000 i 4500 | ||
|---|---|---|---|
| 001 | 1/68952 | ||
| 008 | 990204s1997 gr | ||| |||| ||gre|| | ||
| 020 | |a 960431288X | ||
| 035 | |l 10047738 | ||
| 040 | |a GR-MyUa |b gre |e AACR2 | ||
| 041 | 0 | |a gre | |
| 082 | 7 | |a 551.5 |2 (22) | |
| 100 | 1 | |a Φλόκας, Απόστολος Αθ. | |
| 245 | 1 | 0 | |a Μαθήματα μετεωρολογίας και κλιματολογίας / |c Απόστολου Αθ. Φλόκα. |
| 250 | |a 2η έκδ. | ||
| 260 | |a Θεσσαλονίκη : |b Ζήτης, |c 1997. | ||
| 300 | |a 465 σ. : |b εικ. ; |c 24 εκ. | ||
| 504 | |a Βιβλιογραφία: σ. 463-465. | ||
| 650 | 0 | |a Meteorology |x Study and teaching. | |
| 650 | 0 | |a Climatology |x Study and teaching. | |
| 852 | |a INST |b LESVOS |e 19990204 |h 551.5 ΦΛΟ |p 005100013139 |q 005100013139 |t BK |y 0 | ||
| 852 | |a INST |b LESVOS |e 19990204 |h 551.5 ΦΛΟ |p 005100013140 |q 005100013140 |t BK |y 0 | ||
| 852 | |a INST |b LESVOS |e 20070928 |h 551.5 ΦΛΟ |p 005100040971 |q 005100040971 |t BK |y 0 | ||
| 852 | |a INST |b LESVOS |e 20100513 |h 551.5 ΦΛΟ |p 005100047209 |q 005100047209 |t BK |y 0 | ||
| 852 | |a INST |b LESVOS |e 20110712 |h 551.5 ΦΛΟ |p 005100049810 |q 005100049810 |t BK |y 0 | ||
| 852 | |a INST |b LESVOS |e 20110712 |h 551.5 ΦΛΟ |p 005100049811 |q 005100049811 |t BK |y 0 | ||
| 852 | |a INST |b LESVOS |e 20120313 |h 551.5 ΦΛΟ |p 005100050648 |q 005100050648 |t BK |y 0 | ||
| 901 | |a BIBL-1999-1 | ||
| 901 | |a BIBL1-2007-3 | ||
| 901 | |a BIBL1-2011-2 | ||
| 901 | |a BIBL1-2012-1 | ||
| 920 | |a ΕΥΔΟΞΟΣ |y ΛΕΣΒΟΣ |z 2011-04 | ||
| 920 | |a ΕΥΔΟΞΟΣ |y ΛΕΣΒΟΣ |z 2012-03 | ||
| 922 | |a 1ΔΩΡ |b 199902 |c ΦΜ | ||
| 922 | |a 1ΕΛΗ |b 200707 |c ΕΠΕΑΕΚ2/ΤΓ |d Σ. ΠΑΤΑΚΗΣ | ||